| 000 | 00000nam 2200000zi 4500 |
| 001 | 9.949931 |
| 003 | CaOODSP |
| 005 | 20250409110617 |
| 006 | m o d f |
| 007 | cr mn||||||||| |
| 008 | 250409t20242023oncad ob f000 0 eng d |
| 040 | |aCaOODSP|beng|erda|cCaOODSP |
| 043 | |an-cn--- |
| 086 | 1 |aNH18-33/83-2024E-PDF |
| 245 | 00|aEstimating annual and long-term flows in and out of core housing need. |
| 264 | 1|aOttawa, ON : |bCMHC = SCHL, |c[2024] |
| 264 | 4|c©2023 |
| 300 | |a1 online resource (5, A1 pages) : |billustrations, graphs. |
| 336 | |atext|btxt|2rdacontent |
| 337 | |acomputer|bc|2rdamedia |
| 338 | |aonline resource|bcr|2rdacarrier |
| 490 | 1 |aResearch insight |
| 500 | |aCaption title. |
| 500 | |a"Housing research." |
| 500 | |a"70424 20240223-017A." |
| 500 | |aIssued also in French under title: Estimation de l’évolution annuelle et à long terme du nombre de personnes qui commencent à avoir des besoins impérieux en matière de logement et du nombre de celles qui cessent d’en avoir. |
| 504 | |aIncludes bibliographical references. |
| 520 | |a"In Canada, in the past, housing interventions have focused on populations more likely to face housing challenges. This situation was often measured by the core housing need (CHN) indicator. For example, in the National Housing Strategy, the interventions aim to focus on identified populations more likely to be in core housing need (recent immigrants, seniors, people with disabilities, Indigenous peoples, etc.)"--Page [1]. |
| 650 | 0|aHousing policy|zCanada. |
| 650 | 0|aHousing|zCanada|vStatistics. |
| 710 | 2 |aCanada Mortgage and Housing Corporation, |eissuing body. |
| 775 | 08|tEstimation de l’évolution annuelle et à long terme du nombre de personnes qui commencent à avoir des besoins impérieux en matière de logement et du nombre de celles qui cessent d’en avoir.|w(CaOODSP)9.949933 |
| 830 | #0|aResearch insight (Canada Mortgage and Housing Corporation)|w(CaOODSP)9.861224 |
| 856 | 40|qPDF|s210 KB|uhttps://publications.gc.ca/collections/collection_2025/schl-cmhc/NH18-33-83-2024-eng.pdf |